The humane interface: new directions for designing interactive systems

Saved in:
Bibliographic Details
Main Author: Raskin, Jef (Author)
Format: Book
Language:English
Published: Boston Addison-Wesley 2000
Subjects:
Tags: Add Tag
No Tags, Be the first to tag this record!

MARC

LEADER 00000nam a2200000 a 4500
001 UCL2183
003 CL-VaPUC
008 031010e20000000US |||||||||||||||||eng|d
020 |a 0201379376 
082 0 4 |a 004.019  |b RAS  |2 21 
100 0 |a Raskin, Jef  |e author  |9 479227 
245 1 4 |a The humane interface: new directions for designing interactive systems 
300 |a 233 p 
942 |c BK 
945 |d 20031010 00:00:00  |a cmena 
260 |a Boston  |b Addison-Wesley  |c 2000 
650 7 |a SISTEMAS COMPUTACIONALES INTERACTIVOS  |2 CL-VaPUC  |9 271342 
650 0 |a Diseño de sistemas  |9 262363 
583 |a last modification  |c 20031010 00:00:00  |k Rodrigo Vera 
999 |c 305540  |d 305538 
952 |0 0  |1 0  |4 0  |6 004_019000000000000_RAS_2000  |7 0  |8 A  |9 369625  |a BIBING  |b BIBING  |d 2019-11-21  |i 3951952  |o 004.019 RAS 2000  |p 3951952  |r 2024-01-25  |w 2019-11-21  |y BK  |k CCI